LIBRARY & INFORMATION CENTRE, KCAET, TAVANUR

ONLINE PUBLIC ACCESS CATALOGUE (OPAC)

Mechanica of Solids, Brass Tube- Steel Rod (Record no. 14204)

MARC details
000 -LEADER
fixed length control field 00312nam a22001337a 4500
020 ## - INTERNATIONAL STANDARD BOOK NUMBER
ISBN 8183600212
082 ## - DEWEY DECIMAL CLASSIFICATION NUMBER
Classification number 620.1
Item number VAI/ME
100 ## - MAIN ENTRY--AUTHOR NAME
Personal name Vaishwanar, R.S
245 ## - TITLE STATEMENT
Title Mechanica of Solids, Brass Tube- Steel Rod
250 ## - EDITION STATEMENT
Edition statement 2
260 ## - PUBLICATION, DISTRIBUTION, ETC. (IMPRINT)
Place of publication New Delhi
Name of publisher Jain Brothers
Year of publication 2007
300 ## - PHYSICAL DESCRIPTION
Number of Pages 783
942 ## - ADDED ENTRY ELEMENTS (KOHA)
Koha item type Books
Holdings
Withdrawn status Lost status Damaged status Collection code Home library Current library Shelving location Date acquired Source of acquisition Cost, normal purchase price Full call number Accession Number Koha item type
        KAUAET KAUAET General Stacks 03/06/2016 Aman Books, Calicut 295.00 620.1 VAI/ME 24675 Books
free website counter